Prosperity with freedom /
Saved in:
| Main Author: | |
|---|---|
| Format: | Book |
| Language: | English |
| Published: |
London :
The Saint Catherine Press,Ltd.,
1943.
|
| Subjects: |
| LEADER | 00600nam a22002053 4500 | ||
|---|---|---|---|
| 001 | c000417072 | ||
| 003 | CARM | ||
| 005 | 00000000000000.0 | ||
| 008 | 951208 eng | ||
| 019 | 1 | |a 12023340 | |
| 035 | |a (vdu).b1707504x | ||
| 040 | |a VDU |c VDU | ||
| 082 | 0 | 4 | |a 330.942 |
| 100 | |a Grant McGregor, A. | ||
| 245 | 0 | |a Prosperity with freedom / |c by A. Grant McGregor. | |
| 260 | |a London : |b The Saint Catherine Press,Ltd., |c 1943. | ||
| 300 | |a 94 p. |c 18 cm. | ||
| 650 | 0 | |a Economic conditions. | |
| 650 | 0 | |a Wages. | |
| 999 | f | f | |i db8272e4-7b4b-57fc-92c3-24576e183638 |s 0d67c3a9-45e6-5b91-b419-3ad78f7ad42b |